MARC

LEADER 00000nam0a2200000 4500
001 66767
005 20231031072756.0
035 |a (RuTPU)RU\TPU\book\70982 
090 |a 66767 
100 |a 20040906d1958 km y0rusy50 ca 
101 0 |a rus 
102 |a RU 
105 |a a z 001zy 
200 1 |a Синхронные компенсаторы. Конструкция, эксплуатация, ремонт  |f Е. Я . Гуревич 
205 |a 2-е изд., перераб. 
210 |a Москва  |a Ленинград  |c Госэнергоиздат  |d 1958 
215 |a 368 с.  |c ил. 
320 |a Библиогр.: с. 367-368 
610 1 |a компенсаторы синхронные 
610 1 |a конструкции 
610 1 |a эксплуатация 
610 1 |a ремонт 
610 1 |a возбуждение 
610 1 |a вспомогательное оборудование 
610 1 |a водородное охлаждение 
610 1 |a потери 
610 1 |a нагрев 
610 1 |a разборка 
610 1 |a сборка 
610 1 |a ремонт 
675 |a 621.313  |v 3 
700 1 |a Гуревич  |b Е. Я .  |g Ефим Яковлевич 
801 1 |a RU  |b 63413507  |c 20040906  |g PSBO 
801 2 |a RU  |b 63413507  |c 20091113  |g PSBO 
942 |c BK